UK to meet Kyoto target (Record no. 72623)
[ view plain ]
| 000 -LEADER | |
|---|---|
| fixed length control field | 01017cam a2200217 4500 |
| 008 - FIXED-LENGTH DATA ELEMENTS--GENERAL INFORMATION | |
| fixed length control field | 030506n2003 000 0 eng u |
| 035 ## - SYSTEM CONTROL NUMBER | |
| System control number | (Sirsi) u122195 |
| 245 ## - TITLE STATEMENT | |
| Title | UK to meet Kyoto target |
| 260 ## - PUBLICATION, DISTRIBUTION, ETC. | |
| Date of publication, distribution, etc. | 2003 |
| 490 ## - SERIES STATEMENT | |
| Series statement | Environment Information Bulletin |
| Volume/sequential designation | (129) May 2003, 2(1) |
| 520 ## - SUMMARY, ETC. | |
| Summary, etc. | Emissions of greenhouse gases are falling steadily, according to the latest provisional statistics for the UK's climate change headline indicator. Total emissions in 2002 are estimated at between 14% and 15% below the 1990 level. Under the Kyoto Protocol, the UK has a target of 12.5% to cut in total emissions over the period 2008-12 compared to 1990. www.defra.gov.uk/news/2003/030327a.htm |
| 590 ## - LOCAL NOTE (RLIN) | |
| Local note | WB |
| 650 ## - SUBJECT ADDED ENTRY--TOPICAL TERM | |
| Topical term or geographic name entry element | KYOTO PROTOCOL TO THE UNITED NATIONS FRAMEWORK CONVENTION ON CLIMATE CHANGE |
| 650 ## - SUBJECT ADDED ENTRY--TOPICAL TERM | |
| Topical term or geographic name entry element | GREENHOUSE GAS EMISSIONS |
| 650 ## - SUBJECT ADDED ENTRY--TOPICAL TERM | |
| Topical term or geographic name entry element | CLIMATE CHANGE |
| 650 ## - SUBJECT ADDED ENTRY--TOPICAL TERM | |
| Topical term or geographic name entry element | CARBON DIOXIDE EMISSIONS |
| 650 ## - SUBJECT ADDED ENTRY--TOPICAL TERM | |
| Topical term or geographic name entry element | ENERGY CONSUMPTION |
| 650 ## - SUBJECT ADDED ENTRY--TOPICAL TERM | |
| Topical term or geographic name entry element | REDUCTION |
| 690 ## - LOCAL SUBJECT ADDED ENTRY--TOPICAL TERM (OCLC, RLIN) | |
| Topical term or geographic name as entry element | Environment |
| 9 (RLIN) | 6238 |
| 942 ## - ADDED ENTRY ELEMENTS (KOHA) | |
| Suppress in OPAC | 0 |
| Withdrawn status | Lost status | Source of classification or shelving scheme | Damaged status | Not for loan | Home library | Current library | Shelving location | Date acquired | Total Checkouts | Barcode | Date last seen | Copy number | Price effective from | Koha item type |
|---|---|---|---|---|---|---|---|---|---|---|---|---|---|---|
| Dewey Decimal Classification | London | London | News article | 06/05/2003 | 122195-1001 | 06/08/2019 | 1 | 06/08/2019 | News article |